zpět

Detail výsledku týmu

Trojka, Brno

Datum a čas kvízu

33 Celkem bodů Celkový počet nahraných bodů na tomto kvízu bez doplňovacích otázek.
4. Pořadí na kvízu Konečné umístění týmu na tomto kvízu.

Zaznamenané odpovědi

# Otázka Odpověď Body Výsledky
1. Minulý týden byla dokončena re... Hrachovina 1
2. Ukrajinská pošta vydala k přip... Banksy 0
3. Ve středu měl premiéru rodinný... Děti Nagana 1
4. Jistá země nakoupila nedávno n... B 1
5. Výsledek úvodního zápasu osmif... 2:5, Real Madrid 1
6. Téma o dezertech vyhrálo minul... z Portugalska 1
7. Jak se nazývá dezert v podobě... B) Pečená Aljaška, z Francie 1
8. Jak se jmenovala tato žena, če... Magdalena Dobromila Rettigová 1
9. Ze kterého města, které je dom... ze Salcburku 0
10. Koupil jsem v cukrárně ___, sl... Lence 0